Презентация ТПУ; Томский политехник; Вып. 1

Detalles Bibliográficos
Parent link:Томский политехник: ежегодный журнал/ Томский политехнический университет (ТПУ), Ассоциация выпускников.— , 1995-
Вып. 1.— 1995.— [С. 48-49]
Summary:Заглавие с титульного листа
Электронная версия печатной публикации
Idioma:ruso
Publicado: 1995
Series:Хроника текущих событий
Subjects:
Acceso en liña:Черно-белая версия для предварительного просмотра
Цветная версия без потери качества
Formato: MixedMaterials Electrónico Capítulo de libro
KOHA link:https://koha.lib.tpu.ru/cgi-bin/koha/opac-detail.pl?biblionumber=187578

MARC

LEADER 00000nla2a2200000 4500
001 187578
005 20231031174030.0
035 |a (RuTPU)RU\TPU\book\203538 
035 |a RU\TPU\book\203536 
090 |a 187578 
100 |a 20101118d1995 km y0rusy50 ca 
101 0 |a rus 
102 |a RU 
135 |a drnn ---uucaa 
181 0 |a i  
182 0 |a b 
200 1 |a Презентация ТПУ  |b Электронный ресурс 
203 |a Текст  |c электронный 
215 |a 2 файла (315 Кб, 5.8 Мб) 
225 1 |a Хроника текущих событий 
230 |a Электронные текстовые данные (2 файла : 315 Кб, 5.8 Мб) 
300 |a Заглавие с титульного листа 
300 |a Электронная версия печатной публикации 
337 |a Adobe Reader 
461 1 |0 (RuTPU)RU\TPU\book\202435  |t Томский политехник  |o ежегодный журнал  |f Томский политехнический университет (ТПУ), Ассоциация выпускников  |d 1995- 
463 0 |0 (RuTPU)RU\TPU\book\202441  |t Вып. 1  |v [С. 48-49]  |d 1995  |p 60 с. 
601 0 2 |a Томский политехнический университет (ТПУ)  |c (1991-2009)  |2 stltpush  |3 (RuTPU)RU\TPU\col\376 
610 1 |a презентации 
610 1 |a политехники 
610 1 |a электронный ресурс 
801 1 |a RU  |b 63413507  |c 20101101 
801 2 |a RU  |b 63413507  |c 20101216  |g RCR 
856 4 |u http://www.lib.tpu.ru/fulltext/v/Tomsk_polytechnic/1995/N1a33_bw.pdf  |z Черно-белая версия для предварительного просмотра 
856 4 |u http://www.lib.tpu.ru/fulltext/v/Tomsk_polytechnic/1995/N1a33_full.pdf  |z Цветная версия без потери качества 
942 |c CF